000 01078nam a2200265Ia 4500
999 _c55640
_d55640
001 22735
003 GE_BSU
005 20230504172608.0
008 181216s ||||ge |||||||||||||| ||geo||
020 _a9789941277818
040 _cGE_BSU
041 _ageo
080 _a821.03=353.1 ბ-25
100 _aბაქრაძე, დათო
_917976
245 _aთარგმანები 2014-2017 = Übersetzungen, 2014-2017 /
_cდათო ბაქრაძე.
250 _aსაარქივო გამოცემა
264 _aთბილისი :
_bგამ-ბა მერწყული,
_c2018.
300 _a448 გვ. ;
_c20 სმ.
500 _aგარეკანზე ჟან-ფრანსუა მილეს მთესველი
520 _aგარეკანზე: ჟან-ფრანსუა მილეს მთესველი.
541 _h8ლ.
653 _aთარგმანები 2014-2017 = Übersetzungen 2014-2017
653 _aლიტერატურა
942 _cBK
_2udc